00439nam a22001817a 450000500170000000800410001704100080005808200130006610000300007924500300010926000150013926000150015426000090016930000180017865000320019665000160022865000130024420171213085648.0171213b xxu||||| |||| 00| 0 spa d aspa a92 J61r5 aRodríguez Vega, Eugenio aLos días de don Ricardo aCosta Rica bCosta Rica c1980 a192 páginas aJIMÉNEZ OREAMUNO, RICARDO aCOSTA RICA  aHISTORIA